Unas lecciones de metafísica

Uloženo v:
Podrobná bibliografie
Hlavní autor: Ortega y Gasset, José (autor)
Médium: Kniha
Jazyk:španělština
Vydáno: Madrid Alianza 1970
Vydání:3a. ed
Edice:Humanidades, 1
Témata:
Tagy: Přidat tag
Žádné tagy, Buďte první, kdo vytvoří štítek k tomuto záznamu!

MARC

LEADER 00000nam a2200000 a 4500
001 UCG1764
003 CL-VaPUC
005 20221118175705.0
008 100520e19700000SP |||||||||||||||||spa|d
999 |c 341027  |d 341025 
040 |c Pontificia Universidad Católica de Valparaíso 
082 0 4 |a 110  |b ORT  |2 21 
100 |a Ortega y Gasset, José   |e autor  |9 878566 
245 1 5 |a Unas lecciones de metafísica 
250 |a 3a. ed 
260 |a Madrid  |b Alianza  |c 1970 
300 |a 230 p 
490 0 |a Humanidades, 1 
583 |a last modification  |c 20100520 00:00:00  |k Rodrigo Vera 
650 0 |a Metafísica  |9 265649 
650 0 |a Filosofía   |9 223554 
650 0 |a Tiempo   |9 267892 
942 |c BK  |2 ddc 
945 |d 20100520 00:00:00  |a rbrito 
952 |0 0  |1 0  |4 0  |6 110_000000000000000_ORT_1970  |7 0  |8 A  |9 436244  |a BIBEDU  |b BIBEDU  |d 2019-11-22  |i 4677471  |o 110 ORT 1970  |p 4677471  |r 2019-11-22  |w 2019-11-22  |y BK  |k EPE